Normal view
MARC view
Entry Uniform Title
001 - CONTROL NUMBER
- control field: 32880
003 - CONTROL NUMBER IDENTIFIER
- control field: dpl
005 - DATE AND TIME OF LATEST TRANSACTION
- control field: 20110816161806.0
008 - FIXED-LENGTH DATA ELEMENTS
- fixed length control field: 110816|||a|||||| | ||| d
040 ## - CATALOGING SOURCE
- Original cataloging agency: dpl
- Transcribing agency: dpl
130 ## - HEADING--UNIFORM TITLE
- Uniform title: the oxygen wellness series
670 ## - SOURCE DATA FOUND
- Source citation: Work cat.: (dpl)55455: 31629 Rajkumar, J.S., The Digestive System /, 2007
670 ## - SOURCE DATA FOUND
- Source citation: Work cat.: (dpl)55455: 31629 Rajkumar, J.S., The Digestive System /, 2007
